| 000 | 00862nam a22002897a 4500 | ||
|---|---|---|---|
| 003 | OSt | ||
| 005 | 20180116192412.0 | ||
| 008 | 121206t 2001xxu||||| |||| 00| 0 eng d | ||
| 020 | _a9780500282670 | ||
| 020 | _a0500282676 | ||
| 040 | _c0 | ||
| 082 | _a724.6 | ||
| 100 | 1 |
_aRyan, Raymund. _96049 |
|
| 245 | 1 | 0 |
_aCool construction / _cRaymund Ryan. |
| 260 |
_aNew York : _bThames & Hudson, _c2001. |
||
| 300 |
_a128 p. : _bcol. ill. ; _c25 cm. |
||
| 490 | 1 | _a 4x4 series. | |
| 490 | 1 | _aFour x Four series. | |
| 610 | 1 |
_aWilliams, Tod (Tod C.) _96050 |
|
| 610 | 1 |
_aMoura, Eduardo Souto de, _96051 |
|
| 610 | 1 |
_aChipperfield, David _96052 |
|
| 610 | 1 |
_aKishi, Waro, _96053 |
|
| 650 |
_aArchitecture, Modern _xThemes, motives _96054 |
||
| 830 | 0 |
_a 4x4 series. _96055 |
|
| 942 |
_2ddc _cBK |
||
| 999 |
_c353577 _d353577 |
||